| 000 | 01235nam0a22002891 4500 | ||
|---|---|---|---|
| 001 | rc\4898625 | ||
| 005 | 20250613032943.0 | ||
| 021 |
_aRU _b[66-61192] |
||
| 035 | _a(NLR Aleph) 008927309 | ||
| 090 |
_a8862249 _c8862249 |
||
| 100 | _a20130426d1966 |||y0rusy50 ca | ||
| 101 | 1 |
_arus _cger |
|
| 102 | _aRU | ||
| 105 | _aa z ||||| | ||
| 200 | 1 |
_aОсновные направления работ по стандартизации _eКурс и материалы учеб. выставки комис. Герм. ком. стандартов (ДНА) по практ. применению стандартов _e(Пер. с нем.) |
|
| 210 |
_aМосква _cИзд-во стандартов _d1966 |
||
| 215 |
_a123 с. _cил. _d30 |
||
| 300 | _aНа обороте тит. л.: Grundlagen der Innerbetrieblichen Normungsarbeit. Von Bruno Holm | ||
| 320 | _aБиблиогр.: с. 120-122 | ||
| 517 | 0 | _aGrundlagen der Innerbetrieblichen Normungsarbeit | |
| 606 |
_aСтандартизация _yФедеративная Республика Германии _2psbo |
||
| 700 | 1 |
_aХольм _bБ. _gБруно |
|
| 801 | 0 |
_aRU _bNLR _gpsbo |
|
| 801 | 1 |
_aRU _bELAR _2rusmarc |
|
| 852 |
_aNLR _j66-8/1289 |
||
| 942 | _cBOOK | ||
| 980 | _aNB | ||